HYDRAULICS FLUID MECHANICS AND FLUID MECHANICS (Record no. 1169821)

MARC details
000 -LEADER
fixed length control field 00477nam a2200181Ia 4500
008 - FIXED-LENGTH DATA ELEMENTS--GENERAL INFORMATION
fixed length control field 240702s2017 xx 000 0 und d
041 ## - LANGUAGE CODE
Language code of text/sound track or separate title eng
082 ## - DEWEY DECIMAL CLASSIFICATION NUMBER
Classification number 532 /RAM
Item number G-40370
100 ## - MAIN ENTRY--PERSONAL NAME
Personal name RAMAMRUTHAM S
245 ## - TITLE STATEMENT
Title HYDRAULICS FLUID MECHANICS AND FLUID MECHANICS
250 ## - EDITION STATEMENT
Edition statement 1ST
260 ## - PUBLICATION, DISTRIBUTION, ETC.
Name of publisher, distributor, etc. DHANPAT RAI
Date of publication, distribution, etc. 2017
300 ## - PHYSICAL DESCRIPTION
Extent 1086p
365 ## - TRADE PRICE
Price type code Rs.
Price amount 650
Unit of pricing 650
650 ## - SUBJECT ADDED ENTRY--TOPICAL TERM
Topical term or geographic name entry element HYDRAULICS FLUID MECHANICS AND FLUID MECHANICS
700 ## - ADDED ENTRY--PERSONAL NAME
Personal name RAMAMRUTHAM S
942 ## - ADDED ENTRY ELEMENTS (KOHA)
Koha item type Book
Holdings
Withdrawn status Lost status Damaged status Not for loan Home library Current library Date acquired Cost, normal purchase price Total Checkouts Full call number Barcode Date last seen Cost, replacement price Price effective from Koha item type
        College of Engineering, Pune College of Engineering, Pune 18/09/2021 650.00   532 /RAM G-40370 09/07/2024 650.00 09/07/2024 PB